| 000 | 00647nam a2200241Ia 4500 | ||
|---|---|---|---|
| 008 | 160319s9999 xx 000 0 und d | ||
| 100 | _aBridwell, Norman | ||
| 245 | _aClifford Meeting New Friends / | ||
| 260 | _bScholastic Entertainment Inc. | ||
| 260 | _c2002 | ||
| 300 | _a1 videodisc (ca. 90 min.) : | ||
| 300 | _bsound., color ; | ||
| 300 | _c4 3/4 in. | ||
| 650 | _aAnimated films. | ||
| 650 | _aClifford (Fictitious character : Bridwell) -- | ||
| 650 | _aDogs -- | ||
| 650 | _aPuppies -- | ||
| 650 | _aSize -- | ||
| 650 | _xFiction. | ||
| 650 | _xFiction. | ||
| 650 | _xJuvenile films. | ||
| 650 | _xJuvenile films. | ||
| 999 |
_c292551 _d292551 |
||